000 00779aam a2200301 i 4500
001 768714001
003 CO-MdFUSB
005 20250512164224.0
007 ta
008 250512t1981 -us |||| |||| 00| 0 eng d
020 _a0-8010-7702-8
040 _cCO-MdFUSB
041 0 _aeng
082 0 4 _223
_a246.19
_bR993c
100 1 _aRyken, Leland
_eautor
245 1 0 _aThe christian imagination
_c/ Leland Ryken
264 1 _bBaker Book House,
_aGrand Rapids, MI., USA :
_c[1981]
264 4 _c©1981
300 _a448 páginas
336 _atexto
_btxt
_2rdacontent
337 _2rdamedia
_asin mediación
_bn
338 _2rdacarrier
_avolumen
_bnc
563 _aRustico
653 _aArte cristiano
942 _cBK
945 _aJTF-925
999 _c35543
_d35543